| 000 | 01059nam a2200241 i 4500 | ||
|---|---|---|---|
| 001 | 22835 | ||
| 003 | ES-MaACL | ||
| 005 | 20240203062541.0 | ||
| 007 | t| | ||
| 008 | 021204s1883 sp ||||1| spa d | ||
| 080 | _a929 Corral y Oña, Tomás de (082.2) | ||
| 100 | 1 |
_aAlonso y Rubio, Francisco. _920432 |
|
| 245 | 1 | 0 |
_aJuicio crítico del Excmo. e Ilmo. Doctor D. Tomás de Corral y Oña : _bdiscurso leído en la solemne sesión literaria celebrada en el Paraninfo de la Universidad Central el 14 de enero de 1883 / _cpor el Dr. Francisco Alonso y Rubio. |
| 260 |
_aMadrid : _bSociedad Ginecológica Española, _c1883 ( _fImp. de Alejandro Gómez Fuentenebro) |
||
| 300 |
_a23 p. ; _c25 cm. |
||
| 530 | _aDisponible en formato digital. | ||
| 600 | 1 | 4 |
_aCorral y Oña, Tomás de. _940734 |
| 710 | 2 |
_aSociedad Ginecológica Española. _96779 |
|
| 710 | 2 |
_aUniversidad Central (Madrid) _97084 |
|
| 852 | 4 |
_aES-MaACL _jT-353-F-18 |
|
| 856 | 4 |
_uhttp://bdh-rd.bne.es/viewer.vm?id=0000047444&page=1 _zBiblioteca Digital Hispánica |
|
| 999 |
_c22835 _d22835 |
||